| Tag |
First Indicator |
Second Indicator |
Subfields |
| LEADER |
00000cam a2200000 4500 |
| 001 |
in00000044642 |
| 005 |
20151007075043.0 |
| 008 |
770224s1957 dcuab b 00000 eng |
| 010 |
|
|
|a 58001439
|
| 035 |
|
|
|a (OCoLC)02760748
|
| 035 |
|
|
|9 AAF2556AM
|
| 040 |
|
|
|a DLC
|c TEU
|d TXA
|d UtOrBLW
|
| 049 |
|
|
|a TXAM
|c [287636]
|
| 050 |
|
0 |
|a SB191.B2
|b N8
|
| 082 |
0 |
|
|a 633.16
|
| 092 |
|
|
|a 633.16
|b N988b, 1957
|
| 100 |
1 |
|
|a Nuttonson, M. Y.
|q (Michael Y.),
|d 1904-
|
| 245 |
1 |
0 |
|a Barley-climate relationships and the use of phenology in ascertaining the thermal and photo-thermal requirements of barley. :
|b Based on data of North America and of some thermally analogous areas of North America in the Soviet Union, Finland, Poland, and Czechoslovakia.
|
| 264 |
|
1 |
|a Washington :
|b American Institute of Crop Ecology,
|c 1957.
|
| 300 |
|
|
|a vi, 280 pages :
|b maps, diagrams, tables. ;
|c 28 cm.
|
| 336 |
|
|
|a text
|b txt
|2 rdacontent
|
| 337 |
|
|
|a unmediated
|b n
|2 rdamedia
|
| 338 |
|
|
|a volume
|b nc
|2 rdacarrier
|
| 500 |
|
|
|a "Sponsored by the United States Weather Bureau under contracts Cwb 8737 and 9094."
|
| 504 |
|
|
|a Bibliography: pages 277-280.
|
| 650 |
|
0 |
|a Barley.
|
| 650 |
|
0 |
|a Phenology.
|
| 999 |
|
|
|a MARS
|
| 999 |
f |
f |
|s 86bfe06c-7875-309f-844c-d8facfa127e3
|i e84d946c-7b5f-3c4c-9919-3dbac9ad9984
|t 0
|
| 952 |
f |
f |
|p ric
|a Texas A&M University
|b Rellis Campus
|c Joint Library Facility
|d Remote Storage
|t 0
|e SB191.B2 N8
|h Library of Congress classification
|i unmediated -- volume
|m A14801072942
|
| 998 |
f |
f |
|a SB191.B2 N8
|t 0
|l Remote Storage
|